000 00981nas a2200337 4500
001 BR2014001297
003 BR-BrBNA
005 20231205123801.0
007 ta
008 230509b bl.|||p| |||| 00| 00por d
040 _aBR-BrBNA
_bpor
_cBiblioteca Nacional de Agricultura
041 _a(Pt)
072 _aF61
100 1 _aFernandes, L.A.
100 1 _aValadares, R.V.
100 1 _aValadares, S.V.
100 1 _aRamos, S.J.
100 1 _aCosta, C.A. da
100 1 _aSampaio, R.A.
100 1 _aMartins, E.R.
245 1 _aFontes de potássio na produtividade, nutrição mineral e bromatologia do maxixe do reino
650 _aMAXIXE
650 _aPOTÁSSIO
650 _aNUTRIENTE
650 _aBROMATOLOGIA
650 _aPRODUÇÃO
650 _aVALOR NUTRITIVO
773 0 _tHorticultura Brasileira (Brazil)
_xISSN 0102-0536
_g(Oct-Dec 2013), v. 31(4) p. 607-612
_wBR2014001297
909 _a202311
_bLúcia
_c55
_dLúcia Elande
942 _2AGRIS
_n0
_cANA
999 _c235688
_d235688